000 00455nam a22001697a 4500
005 20251108172604.0
008 250721s9999 xx 000 0 eng d
082 1 4 _a005.268SCH
100 1 _aSchmitt, David A.
245 1 0 _aInternational programming For microsoft windows /
264 1 _aWashington :
_bMicrosoft Press,
300 _a469p.+CD
650 1 7 _aWindows(Software)
650 1 7 _aComputer Programming
942 _2ddc
_cBK
999 _c83328
_d83328